00353 a2200097 4500001001000000005001700010008004100027245009700068100002400165773006600189ART_4060520260410161646.0260409a 10aIntereses por depósitos a plazo fijo. Tratamiento en el impuesto sobre los ingresos brutos1 aJanuszewski, Karina0 tConsultor tributariog- Año 10, Nº 116 (oct. 2016)wREV474